[Event "NED-ch U11 Girls"]
[White "Camacho, Alba"]
[Black "Zijdemans, Eva"]
[Site "Waalwijk"]
[Round "8"]
[Result "1-0"]
[Date "2011.04.23"]
[WhiteElo "739"]
[BlackElo "439"]
[PlyCount "75"]
[EventDate "2011.04.22"]
[EventType "swiss"]
[EventRounds "9"]
[EventCountry "NED"]
[SourceTitle "EXT 2012"]
[Source "ChessBase"]
[SourceDate "2011.11.24"]
[SourceVersion "1"]
[SourceVersionDate "2011.11.24"]
[SourceQuality "1"]

1. e4 e5 2. Qh5 Nc6 3. Bc4 g6 4. Qf3 Nf6 5. d3 Nd4 6. Qd1 Bd6 7. Nf3 Nxf3+ 8. Qxf3 Bb4+ 9. c3 Bc5 10. Bg5 Be7 11. 0-0 d6 12. Na3 Bg4 13. Qe3 Nh5 14. Bxe7 Qxe7 15. h3 Be6 16. Bxe6 Qxe6 17. Qh6 Qf6 18. Nb5 0-0-0 19. Nxa7+ Kd7 20. Qd2 Qf4 21. Qc2 Ra8 22. Qa4+ c6 23. Qa5 Qd2 24. Rad1 Qxb2 25. Rb1 Qc2 26. Qb6 Qxd3 27. Qxb7+ Ke6 28. Nxc6 Qxe4 29. Qe7+ Kd5 30. Nb4+ Kc5 31. Rfe1 Qf5 32. Qc7+ Kb5 33. Qc6+ Ka5 34. Red1 Nf4 35. g3 Qxh3 36. gxf4 Qg4+ 37. Kf1 Qxf4 38. Rd5# 1-0

[Event "NED-ch U11 Girls"]
[White "Camacho, Alba"]
[Black "Vuong, Joelle"]
[Site "Waalwijk"]
[Round "3"]
[Result "1-0"]
[Date "2011.04.22"]
[WhiteElo "739"]
[BlackElo "797"]
[PlyCount "41"]
[EventDate "2011.04.22"]
[EventType "swiss"]
[EventRounds "9"]
[EventCountry "NED"]
[SourceTitle "EXT 2012"]
[Source "ChessBase"]
[SourceDate "2011.11.24"]
[SourceVersion "1"]
[SourceVersionDate "2011.11.24"]
[SourceQuality "1"]

1. e4 e5 2. Nf3 Nc6 3. Bc4 Bc5 4. Nc3 d6 5. d3 Bg4 6. 0-0 Nf6 7. Bg5 Qe7 8. Nd5 Qd7 9. Nxf6+ gxf6 10. Bxf6 Rg8 11. h3 Bh5 12. g4 Bxg4 13. Ng5 Bxd1 14. Raxd1 Nd4 15. Bxf7+ Kf8 16. Bxg8 Kxg8 17. Kh2 Kf8 18. Rg1 Qc8 19. Nxh7+ Kf7 20. Rg7+ Ke6 21. Re7# 1-0